UFC: World MMA Awards Knockout of the Year - Statistics

General Stats
  • This quiz has been taken 798 times
    354 since last reset
  • The average score is 11 of 16
Answer Stats
Year Event Opponent Result Country Answer % Correct
2024 UFC 300 Justin Gaethje KO (punch) USA Max Holloway
100%
2019 UFC 239 Ben Askren KO (flying knee) USA Jorge Masvidal
96%
2023 UFC 278 Kamaru Usman KO (head kick) ENG Leon Edwards
96%
2022 UFC 274 Tony Ferguson KO (front kick) USA Michael Chandler
92%
2017 UFC 218 Alistair Overeem KO (punch) CMR Francis Ngannou
88%
2018 UFC 232 Cris Cyborg KO (punch) BRA Amanda Nunes
72%
2015 UFC 193 Ronda Rousey KO (head kick and punches) USA Holly Holm
72%
2021 UFC Fight Night 179 Impa Kasanganay KO (spinning back kick) USA Joaquin Buckley
72%
2011 UFC 126 Vitor Belfort KO (front kick and punches) BRA Anderson Silva
69%
2008 UFC 84 Keith Jardine KO (punches) BRA Wanderlei Silva
64%
2012 UFC 142 Terry Etim KO (wheel kick) BRA Edson Barboza
57%
2009 UFC 100 Michael Bisping KO (punch) USA Dan Henderson
50%
2013 UFC on FX 8 Luke Rockhold KO (spinning heel kick and punches) BRA Vitor Belfort
44%
2010 UFC 113 Lyoto Machida KO (punches) BRA Maurício Rua
40%
2014 UFC Fight Night 52 Roy Nelson KO (punch) NZ Mark Hunt
37%
2016 Bellator 158 Evangelista Santos KO (flying knee) ENG Michael Page
36%
No matching quizzes found
Score Distribution
Percent of People with Each Score
Percentile by Number Answered
Your Score History
You have not taken this quiz since the last reset